Alcoy y su monasterio del Santo Sepulcro (Record no. 138312)

MARC details
000 -LEADER
campo de control de longitud fija 00559nam a2200157 4500
001 - NÚMERO DE CONTROL
campo de control 138312
003 - IDENTIFICADOR DE NÚMERO DE CONTROL
campo de control ES-MaACL
007 - CAMPO FIJO DE DESCRIPCIÓN FÍSICA--INFORMACIÓN GENERAL
campo de control de longitud fija t|
008 - DATOS DE LONGITUD FIJA--INFORMACIÓN GENERAL
campo de control de longitud fija 070214s1968 sp r ||||1| spa d
100 1# - ENTRADA PRINCIPAL--NOMBRE DE PERSONA
Nombre de persona Sanchís Llorens, Rogelio.
9 (RLIN) 103015
245 10 - MENCIÓN DEL TÍTULO
Título Alcoy y su monasterio del Santo Sepulcro
Resto del título : (1568-1968) /
Mención de responsabilidad, etc. Rogelio Sanchís Llorens.
260 ## - PUBLICACIÓN, DISTRIBUCIÓN, ETC.
Lugar de publicación, distribución, etc. Alcoy :
Nombre del editor, distribuidor, etc. Instituto Alcoyano de Cultura `Andrés Sempere`,
Fecha de publicación, distribución, etc. 1968.
300 ## - DESCRIPCIÓN FÍSICA
Extensión 257 p., 10 lám. ;
Dimensiones 24 cm.
710 2# - ENTRADA AGREGADA--NOMBRE DE ENTIDAD CORPORATIVA
Nombre de entidad corporativa o nombre de jurisdicción como elemento de entrada Instituto Alcoyano de Cultura "Andrés Sempere"
9 (RLIN) 4790
852 ## - LOCALIZACIÓN
Ubicación ES-MaACL
Número de control de estantería B-8568
Sublocalización o colección R.66720
Holdings
Estatus retirado Estado de pérdida Estado de daño No para préstamo Biblioteca de origen Biblioteca actual Ubicación en estantería Fecha de adquisición Fuente de adquisición Total de préstamos Signatura topográfica completa Código de barras Visto por última vez Precio de reemplazo Tipo de ítem Koha
        Biblioteca del Ateneo de Madrid Biblioteca del Ateneo de Madrid Sala Pardo Bazán 17/01/2008     B-8568 1143922 23/02/2023 23/02/2023 Libro impreso